180 Grandes Obras da Literatura Brasileira - Statistics

Estatísticas Gerais
  • Esse quiz foi jogado 250 vezes
    203 desde o último reset
  • A pontuação média é 22 de 180
Estatísticas das Respostas
Autor Obra % Correto
3 Machado de Assis Memórias Póstumas de Brás Cubas
90%
2 Machado de Assis Dom Casmurro
89%
4 Aluísio Azevedo O Cortiço
85%
9 Graciliano Ramos Vidas Secas
83%
15 Clarice Lispector A Hora da Estrela
81%
1 Guimarães Rosa Grande Sertão: Veredas
69%
5 Euclides da Cunha Os Sertões
65%
45 José de Alencar Iracema
60%
6 Mário de Andrade Macunaíma
56%
138 Jorge Amado Capitães da Areia
54%
12 Machado de Assis Quincas Borba
52%
81 José de Alencar Senhora
43%
28 Raul Pompéia O Ateneu
42%
47 José de Alencar O Guarani
42%
27 Rachel de Queiroz O Quinze
42%
19 Jorge Amado Gabriela, Cravo e Canela
40%
137 Machado de Assis O Alienista
40%
18 Érico Veríssimo O Tempo e o Vento
38%
20 Lima Barreto Triste Fim de Policarpo Quaresma
38%
74 Joaquim Manuel Macedo A Moreninha
37%
13 Manuel Antônio de Almeida Memórias de Um Sargento de Milícias
36%
136 Paulo Coelho O Alquimista
35%
7 Clarice Lispector A Paixão Segundo G.H.
32%
46 José de Alencar Lucíola
30%
8 Graciliano Ramos São Bernardo
30%
116 Ariano Suassuna Auto da Compadecida
28%
10 Graciliano Ramos Angústia
27%
60 Bernardo Guimarães A Escrava Isaura
26%
41 Jorge Amado Dona Flor e Seus Dois Maridos
26%
132 Machado de Assis Esaú e Jacó
26%
16 Clarice Lispector Laços de Família
26%
84 Lygia Fagundes Telles As Meninas
23%
36 Gilberto Freyre Casa Grande e Senzala
23%
40 João Cabral de Melo Neto Morte e Vida Severina
23%
37 Graciliano Ramos Memórias do Cárcere
21%
56 Álvares de Azevedo Noite na Taverna
20%
11 Guimarães Rosa Sagarana
20%
21 Machado de Assis A Mão e a Luva
19%
14 Augusto dos Anjos Eu
19%
30 Antonio Vieira Sermões
18%
129 Monteiro Lobato Urupês
18%
119 Milton Hatoum Dois Irmãos
16%
95 Tomás Antônio Gonzaga Marília de Dirceu
15%
63 Dalton Trevisan O Vampiro de Curitiba
15%
76 Jorge Amado Mar Morto
14%
23 Machado de Assis Memorial de Aires
14%
17 Dyonélio Machado Os Ratos
14%
68 Graça Aranha Canaã
13%
34 Cecília Meireles Romanceiro da Inconfidência
13%
180 Tobias Barreto Amar
12%
49 José Lins do Rego Fogo Morto
12%
54 Sérgio Buarque de Holanda Raízes do Brasil
12%
33 Castro Alves Espumas Flutuantes
11%
109 Caio Fernando Abreu Morangos Mofados
11%
61 Carlos Drummond de Andrade A Rosa do Povo
10%
51 Nelson Rodrigues A Vida Como Ela É
10%
35 Cruz e Souza Broquéis
10%
32 Carlos Drummond de Andrade Claro Enigma
10%
39 Guimarães Rosa Corpo de Baile
10%
133 Érico Veríssimo Incidente Em Antares
10%
96 Visconde de Taunay Inocência
10%
101 Álvares de Azevedo Lira Dos Vinte Anos
10%
122 José Lins do Rego Menino de Engenho
10%
87 Mário de Andrade Paulicéia Desvairada
10%
66 Ferreira Gullar Poema Sujo
10%
69 Guimarães Rosa Primeiras Estórias
10%
53 Raduan Nassar Lavoura Arcaica
9%
59 Basílio da Gama O Uraguai
9%
43 Jorge Amado Tenda Dos Milagres
9%
128 Rubem Fonseca Agosto
8%
117 Chico Buarque de Holanda Budapeste
8%
94 Tomás Antônio Gonzaga Cartas Chilenas
8%
22 Machado de Assis Iaiá Garcia
8%
89 Nelson Rodrigues Vestido de Noiva
8%
29 Antônio de Alcântara Machado Brás, Bexiga e Barra Funda
7%
50 Manuel Bandeira Libertinagem
7%
73 João Ubaldo Ribeiro Viva o Povo Brasileiro
7%
127 Rubem Fonseca Feliz Ano Novo
6%
107 Gonçalves Dias I-Juca Pirama
6%
26 Monteiro Lobato O Picapau Amarelo
6%
78 Jorge Amado Terras do Sem Fim
6%
174 Zélia Gattai Anarquistas, Graças a Deus
5%
162 Ana Miranda Boca do Inferno
5%
72 João Simões Lopes Neto Contos Gauchescos
5%
42 Jorge Amado Jubiabá
5%
121 Rachel de Queiroz Memorial de Maria Moura
5%
110 Luis Fernando Veríssimo O Analista de Bagé
5%
64 Dias Gomes O Pagador de Promessas
5%
52 Olavo Bilac Poesias
5%
58 Ariano Suassuna Romance da Pedra do Reino
5%
102 Oswald de Andrade Serafim Ponte Grande
5%
135 Adélia Prado Bagagem
4%
150 Franklin Távora O Cabeleira
4%
103 Castro Alves Os Escravos
4%
24 Machado de Assis Papéis Avulsos
4%
57 Antonio Callado Quarup
4%
25 Marques Rebelo A Estrela Sobe
3%
106 Hilda Hilst A Obscena Senhora D
3%
141 Paulo Lins Cidade de Deus
3%
83 Lúcio Cardoso Crônica da Casa Assassinada
3%
85 Manuel Bandeira Estrela da Manhã
3%
90 Oswald de Andrade Memórias Sentimentais de João Miramar
3%
79 José Cândido Carvalho O Coronel e o Lobisomem
3%
65 Fernando Sabino O Encontro Marcado
3%
178 Martins Pena O Noviço
3%
31 Autran Dourado Ópera dos Mortos
3%
48 José J. Veiga Os Cavalinhos de Platiplanto
3%
67 Gonçalves Dias Primeiros Cantos
3%
147 Bento Teixeira Prosopopeia
3%
148 Gonçalves de Magalhães Suspiros Poéticos e Saudades
3%
62 Clarice Lispector Uma Aprendizagem
3%
108 Raduan Nassar Um Copo de Cólera
3%
169 Cláudio Manuel da Costa Vila Rica
3%
126 Casimiro de Abreu As Primaveras
2%
92 Pedro Nava Baú de Ossos
2%
111 Stanislaw Ponte Preta Febeapá
2%
112 Haroldo de Campos Galáxias
2%
44 Jorge de Lima Invenção de Orfeu
2%
75 Joaquim Nabuco Minha Formação
2%
38 Gregório de Matos Obra Poética
2%
55 Vinicius de Moraes Obra Poética
2%
123 Bernardo Élis O Tronco
2%
91 Paulo Coelho Veronika Decide Morrer
2%
93 Rubem Fonseca A Coleira do Cão
1%
140 Ivan Angelo A Festa
1%
115 Adolfo Caminha A Normalista
1%
113 Osman Lins Avalovara
1%
118 Joracy Camargo Deus Lhe Pague
1%
77 Jorge Amado Farda, Fardão, Camisola de Dormir
1%
172 José Veríssimo História da Literatura Brasileira
1%
114 Menotti Del Picchia Juca Mulato
1%
134 João Cabral de Melo Neto O Cão Sem Plumas
1%
80 José de Alencar O Demônio Familiar
1%
160 Moacir Sclyar O Exército de Um Homem Só
1%
125 Sousândrade O Guesa
1%
157 Fernando Sabino O Homem Nu
1%
177 Inglês de Sousa O Missionário
1%
82 José Lins do Rego Pedra Bonita
1%
86 Manuel Bandeira Ritmo Dissoluto
1%
164 Adriana Lisboa Sinfonia Em Branco
1%
70 Ignácio de Loyola Brandão Zero
1%
143 Rubem Braga 200 Crônicas Escolhidas
0%
165 Coelho Neto A Cidade Maravilhosa
0%
130 Carlos Drummond de Andrade Algumas Poesias
0%
158 Antônio Callado A Madona de Cedro
0%
168 Carlos Nejar A República do Pampa
0%
161 Sérgio Sant'anna A Senhorita Simpson
0%
144 Pero Vaz de Caminha Carta de Pero Vaz de Caminha a Manuel I de Portugal
0%
97 Herberto Sales Cascalho
0%
139 Mário Palmério Chapadão do Bugre
0%
153 Olegário Mariano Cidade Maravilhosa
0%
156 Guilherme de Almeida Era Uma Vez
0%
171 Ruy Castro Estrela Solitária: Um Brasileiro Chamado Garrincha
0%
170 Lêdo Ivo Finisterra
0%
166 Coelho Neto Fogo Fátuo
0%
88 Nélida Pìñon Fundador
0%
99 Manoel de Barros Gramática Expositiva do Chão
0%
120 João Gilberto Noll Harmada
0%
179 Pardal Mallet Hóspede
0%
131 Gerardo Mello Mourão Invenção do Mar
0%
71 João Antônio Malagueta, Perus e Bacanaço
0%
154 Cassiano Ricardo Martim Cererê
0%
173 José do Patrocínio Mota Coqueiro ou a Pena de Morte
0%
105 Plínio Marcos Navalha na Carne
0%
104 Mário Quintana Nova Antologia Poética
0%
175 Ciro dos Anjos O Amanuense Belmiro
0%
142 Otto Lara Resende O Braço Direito
0%
124 Cláudio Manuel da Costa Obras Poéticas de Glauceste Satúrnio
0%
100 Orígenes Lessa O Feijão e o Sonho
0%
163 Marçal Aquino O Invasor
0%
98 Valêncio Xavier O Mez da Grippe
0%
159 Carlos Heytor Cony Pilatos
0%
176 Hilda Hilst Rútilo Nada
0%
151 Raimundo Correia Sinfonias
0%
152 Alberto de Oliveira Sonetos e Poemas
0%
167 Viana Moog Um Rio Imita o Reno
0%
155 Raul Bopp Urucungo
0%
146 Hans Staden Viagem ao Brasil
0%
145 Jean Léry Viagem à Terra do Brasil
0%
149 Fagundes Varella Vozes da América
0%
Nenhum quiz correspondente encontrado
Distribuição das Pontuações
Porcentagem de Pessoas com Cada Pontuação
Percentil de Números Respondidos
Sua Pontuação Histórica
Você não jogou esse quiz desde o último reset